Statistics for Top Five Indian States By Category

Click here to take the quiz!

General Stats

  • This quiz has been taken 301 times
  • The average score is 11 of 21

Answer Stats

State% Correct
Uttar Pradesh
93%
Maharashtra
80%
Rajasthan
75%
Goa
74%
Madhya Pradesh
74%
Bihar
67%
Delhi
65%
Kerala
65%
West Bengal
61%
Gujarat
56%
Sikkim
55%
Punjab
45%
Andaman and
Nicobar Islands
41%
Puducherry
33%
Dadra and Nagar Haveli and Daman and Diu
32%
Lakshadweep
32%
Haryana
29%
Chandigarh
28%
Himachal Pradesh
22%
Uttarakhand
16%
Ladakh
11%

Score Distribution

Percentile by Number Answered

Percent of People with Each Score

Your Score History

You have not taken this quiz